00644nam a2200241 a 4500001001300000003000900013005001700022008004100039020001000080082001600090100001600106245001800122260002000140300000800160500003500168505001400203650002500217700001600242902000800258942000700266952011600273999001300389nice12345678IN_TiNIC20260116011309.0050524s1934 leba grp 000 0 ara  ac10000a297.2bGHA1 aGhazali, Al aKitabut-Tauba aLebanonbc1934 a40p aincludes index and biblioraphy2 areference aIslam-Doctrine-Tauba1 aGhazali, Al bRBA cBK 001040708RareBook->aHMIbHMId2007-07-05g100.00l0o297.2 GHA1p04831r2007-07-05v100.00w2005-05-24yBK c269d269